000 00955nam a2200289Ia 4500
000 nam a22 i 4500
001 UNACH-11578
007 ta
008 221212s ||||fr|||| 00| | spa d
020 _a978-968-246-166-8
041 0 _aspa
082 0 4 _a301
_bSociología
100 1 _aGarza Treviño, Juan Gerardo,
_eautor
245 1 0 _aEDUCACIÓN EN VALORES
264 3 1 _a[México, D.F.] :
_aMéxico :
_bTrillas,
_c2000
300 _a1291 páginas :
_bilustraciones, fotografías
336 _atexto
_btxt
_2rdacontent
337 _ano mediado
_bn
_2rdamedia
338 _avolumen
_bnc
_2rdacarrier
504 _aincluye índice
505 0 _aCLASIFICACIÓN Y DIVISIÓN DE LOS VALORS.-- LOS VALORES EN EL PROCESO EDUCATIVO.-- ENFOQUE ACTUALES EN LA ENSEÑANZA DE VALORES.-- LAS ACTITUDES DEL MAESTRO Y SUS IMPLICACIONES
650 1 4 _aVALORES
650 2 4 _aVALORES ESTETICOS
650 2 4 _aVALORES MORALES
942 _2ddc
_c1
_n0
999 _c9015
_d9015